Gaming Quiz

Random Gaming or Video Games Quiz

BTD Battles: Maps Quiz Stats

 Plays Quiz not verified by Sporcle

Challenge
Share
Tweet
Embed
Score 0/33 Timer 05:00
0 Plays Today
Map % Correct
Indoor Pools
69.8%
Park
67.4%
Ink Blot
65.1%
Hydro Dam
65.1%
Battle Park
65.1%
Zen Garden
53.5%
Wattle Resorts
53.5%
Mine
53.5%
Battle River
51.2%
Bloon Circles
51.2%
Ice Flow
48.8%
Super Monkey Lane
46.5%
Snowfall
46.5%
Water Hazard
44.2%
Cards
41.9%
Race Track
41.9%
Temple
41.9%
Map % Correct
Yellow Brick Road
39.5%
Swamp
39.5%
Patch
39.5%
Yin Yang
37.2%
A Game
37.2%
Hot Tub
34.9%
Wizard's Keep
34.9%
Battle Sands
34.9%
Snowy Castle
30.2%
Inlets
27.9%
Concrete Alley
27.9%
Offside
25.6%
Mondrian
25.6%
Ghostly Coast
23.3%
Interchange
20.9%
Swan Lake
16.3%

You're not logged in!

Compare scores with friends on all Sporcle quizzes.
Join for Free
OR
Log In

You Might Also Like...

Show Comments

Extras

Top Quizzes Today


Score Distribution

Your Account Isn't Verified!

In order to create a playlist on Sporcle, you need to verify the email address you used during registration. Go to your Sporcle Settings to finish the process.

Report this User

Report this user for behavior that violates our Community Guidelines.

Details: